[Event "European Blitz 2016"]
[Site "Tallinn EST"]
[Date "2016.12.17"]
[Round "18.18"]
[White "Dzhumagaliev, Yan"]
[Black "Kazakovskiy, Valeriy"]
[Result "1-0"]
[WhiteTitle "FM"]
[BlackTitle "IM"]
[WhiteElo "2400"]
[BlackElo "2430"]
[WhiteFideId "24100110"]
[BlackFideId "13507443"]
[EventDate "2016.12.17"]

1. d4 Nf6 2. c4 e6 3. g3 Bb4+ 4. Bd2 Qe7 5. Nc3 Nc6 6. Nf3 O-O 7. Bg2 Na5 8. b3
b6 9. O-O Bb7 10. a3 Bxa3 11. Nb5 Bb4 12. Nxc7 Rac8 13. Nb5 Bxf3 14. Bxb4 Qxb4
15. Bxf3 Qxb3 16. Nd6 Rc7 17. c5 Ne8 18. Ne4 f5 19. Nd2 Qxd1 20. Rfxd1 Nc6 21.
Nc4 bxc5 22. dxc5 Ne7 23. Ra5 Nf6 24. Nd6 Rb8 25. Rc1 Nc6 26. Bxc6 dxc6 27. Rca1
Nd7 28. Rxa7 Rxa7 29. Rxa7 Nxc5 30. Rc7 Nb3 31. e3 c5 32. Nc4 Rb4 33. Ne5 h6 34.
h4 h5 35. Rc6 Nd2 36. Rxc5 Re4 37. Rc8+ Kh7 38. Nf7 Kg6 39. Ng5 Re5 40. Rc6 Kf6
41. Kg2 Nb3 42. Kf3 Nd2+ 43. Kf4 g6 44. Nh7+ Kg7 45. Kxe5 Kxh7 46. Kxe6 Ne4 47.
Rc2 Kg7 48. Ke5 Kh7 49. f3 Nxg3 50. Kf4 1-0

[Event "European Blitz 2016"]
[Site "Tallinn EST"]
[Date "2016.12.17"]
[Round "18.19"]
[White "Plat, Vojtech"]
[Black "Fargere, Francois"]
[Result "1-0"]
[WhiteTitle "IM"]
[BlackTitle "GM"]
[WhiteElo "2532"]
[BlackElo "2404"]
[WhiteFideId "325740"]
[BlackFideId "615935"]
[EventDate "2016.12.17"]

1. e4 c5 2. Nf3 Nf6 3. Nc3 d5 4. exd5 Nxd5 5. Nxd5 Qxd5 6. d4 Nc6 7. Be3 cxd4 8.
Nxd4 a6 9. Qd2 Nxd4 10. Qxd4 Qxd4 11. Bxd4 Bf5 12. O-O-O Rc8 13. Bd3 Bxd3 14.
Rxd3 e6 15. g3 f6 16. Re1 Kf7 17. Bb6 Be7 18. Rd7 Rc6 19. Rxb7 Rhc8 20. c3 Ke8
21. Ba5 e5 22. f4 Rc5 23. Bb4 R5c7 24. Rxc7 Rxc7 25. Bxe7 Rxe7 26. fxe5 fxe5 27.
Kd2 Kf7 28. Ke3 Ke6 29. Rd1 Rf7 30. c4 Rb7 31. b3 Kf5 32. Rd5 Re7 33. b4 Kg4 34.
Ke4 Kh3 35. Rd2 Rc7 1-0

[Event "European Blitz 2016"]
[Site "Tallinn EST"]
[Date "2016.12.17"]
[Round "18.20"]
[White "Kulaots, Kaido"]
[Black "Zorko, Jure"]
[Result "1-0"]
[WhiteTitle "GM"]
[BlackTitle "IM"]
[WhiteElo "2556"]
[BlackElo "2454"]
[WhiteFideId "4500261"]
[BlackFideId "14604051"]
[EventDate "2016.12.17"]

1. e4 e5 2. Nf3 Nc6 3. Bb5 Nf6 4. d3 Bc5 5. Bxc6 dxc6 6. Nbd2 Nd7 7. Nc4 Bd6 8.
Bg5 f6 9. Bd2 O-O 10. h4 Nc5 11. h5 f5 12. h6 fxe4 13. hxg7 Rf7 14. Ng5 Rxg7 15.
Nxe4 Nxe4 16. dxe4 Rxg2 17. Qh5 Rg7 18. Ne3 Bd7 19. Nf5 Bxf5 20. exf5 Kh8 21.
O-O-O Qf6 22. Qf3 Rf7 23. Rh5 Rg8 24. Rdh1 Rgg7 25. Qh3 Bc5 26. Bh6 Rg8 27. Bg5
Rxg5 28. Rxh7+ Kg8 29. Rh8+ 1-0

[Event "European Blitz 2016"]
[Site "Tallinn EST"]
[Date "2016.12.17"]
[Round "18.21"]
[White "Zagorskis, Darius"]
[Black "Kovalenko, Igor"]
[Result "0-1"]
[WhiteTitle "GM"]
[BlackTitle "GM"]
[WhiteElo "2469"]
[BlackElo "2684"]
[WhiteFideId "12800120"]
[BlackFideId "14117908"]
[EventDate "2016.12.17"]

1. Nf3 Nf6 2. g3 g6 3. Bg2 c5 4. c4 Nc6 5. d4 Bg7 6. O-O O-O 7. Nc3 d6 8. d5 Na5
9. Qd3 a6 10. Bd2 Rb8 11. b3 b5 12. e4 bxc4 13. bxc4 Bg4 14. Ne1 Nd7 15. f4 Nb6
16. f5 Nbxc4 17. h3 Nxd2 18. Qxd2 Nc4 19. Qd3 Qa5 20. Rc1 Nb2 21. Qc2 Bxc3 22.
Qxc3 Qxc3 23. Rxc3 Be2 24. Rf2 Nd1 0-1

[Event "European Blitz 2016"]
[Site "Tallinn EST"]
[Date "2016.12.17"]
[Round "18.22"]
[White "Cvitan, Ognjen"]
[Black "D'Costa, Lorin A R"]
[Result "1-0"]
[WhiteTitle "GM"]
[BlackTitle "IM"]
[WhiteElo "2491"]
[BlackElo "2391"]
[WhiteFideId "14500086"]
[BlackFideId "409219"]
[EventDate "2016.12.17"]

1. d4 Nf6 2. c4 e6 3. Nc3 Bb4 4. e3 O-O 5. Bd3 d5 6. Nf3 c5 7. O-O Nc6 8. cxd5
exd5 9. dxc5 Bxc5 10. h3 a6 11. b3 Qe7 12. Bb2 Be6 13. Rc1 Rac8 14. Ne2 Ba7 15.
Nfd4 Ne4 16. Nxc6 Rxc6 17. Rxc6 bxc6 18. Bxe4 dxe4 19. Nf4 Rd8 20. Qh5 Rd2 21.
Bc3 Rc2 22. Qa5 f6 23. Rd1 Bf7 24. Rd8+ Be8 25. Ra8 Bb6 26. Qxb6 Rxc3 27. Qxa6
Rc1+ 28. Kh2 g5 29. Nh5 Qe5+ 30. Ng3 h5 31. Qc8 1-0

[Event "European Blitz 2016"]
[Site "Tallinn EST"]
[Date "2016.12.17"]
[Round "18.23"]
[White "Maier, Christian"]
[Black "Naiditsch, Arkadij"]
[Result "1-0"]
[WhiteTitle "IM"]
[BlackTitle "GM"]
[WhiteElo "2390"]
[BlackElo "2687"]
[WhiteFideId "4601955"]
[BlackFideId "4650891"]
[EventDate "2016.12.17"]

1. e4 c5 2. Nf3 Nc6 3. Bb5 Nf6 4. Nc3 Qc7 5. d3 Nd4 6. Bc4 e6 7. Nxd4 cxd4 8.
Ne2 Bc5 9. Bb3 O-O 10. O-O a5 11. a3 a4 12. Ba2 d5 13. Bf4 Qb6 14. Bg5 dxe4 15.
Bxf6 gxf6 16. Ng3 Kh8 17. Nxe4 Be7 18. f4 Rg8 19. f5 exf5 20. Ng3 Ra5 21. Bxf7
Rg7 22. Bc4 Re5 23. Qh5 Bf8 24. Rae1 Qc6 25. Qh6 Qd6 26. Qh5 f4 27. Rxe5 Qxe5
28. Qxe5 fxe5 29. Ne4 Bd7 30. Rf2 Bc6 31. Rf3 b5 32. Be6 b4 33. axb4 Bxb4 34.
Rh3 Rc7 35. Bf5 Bxe4 36. Bxe4 Rxc2 37. Rxh7+ Kg8 38. Ra7 Be1 39. Rxa4 Bf2+ 40.
Kf1 Be3 41. h4 Rxb2 42. h5 Kg7 43. Ra6 f3 44. Bxf3 Rb1+ 45. Ke2 Rb2+ 46. Kf1 Bf4
47. Be4 Rc2 48. Rc6 Rb2 49. h6+ Kf7 50. h7 Rb1+ 51. Ke2 Rh1 52. Rc8 1-0

[Event "European Blitz 2016"]
[Site "Tallinn EST"]
[Date "2016.12.17"]
[Round "18.24"]
[White "Tregubov, Pavel V."]
[Black "Turov, Maxim"]
[Result "1-0"]
[WhiteTitle "GM"]
[BlackTitle "GM"]
[WhiteElo "2585"]
[BlackElo "2594"]
[WhiteFideId "4115341"]
[BlackFideId "4120086"]
[EventDate "2016.12.17"]

1. d4 Nf6 2. c4 e6 3. Nc3 Bb4 4. e3 O-O 5. Bd3 c5 6. Ne2 d5 7. cxd5 cxd4 8. exd4
Nxd5 9. O-O Nc6 10. Nxd5 exd5 11. Nf4 Bd6 12. Re1 Bxf4 13. Bxf4 Qf6 14. Be5 Nxe5
15. dxe5 Qb6 16. b3 Be6 17. Qh5 g6 18. Qh6 Rac8 19. Rad1 Rc3 20. h4 Rfc8 21. h5
Bg4 22. hxg6 hxg6 23. e6 Bxd1 24. Bxg6 fxg6 25. Qxg6+ Kh8 26. Qf6+ Kh7 27. Qf7+
Kh8 28. e7 Qc6 29. e8=Q+ 1-0

[Event "European Blitz 2016"]
[Site "Tallinn EST"]
[Date "2016.12.17"]
[Round "18.25"]
[White "Grandelius, Nils"]
[Black "Brodowski, Piotr"]
[Result "1/2-1/2"]
[WhiteTitle "GM"]
[BlackTitle "IM"]
[WhiteElo "2643"]
[BlackElo "2444"]
[WhiteFideId "1710400"]
[BlackFideId "1124480"]
[EventDate "2016.12.17"]

1. d4 c5 2. d5 d6 3. e4 Nf6 4. Nc3 g6 5. Bb5+ Bd7 6. a4 Bg7 7. Nf3 Bxb5 8. axb5
O-O 9. O-O Nbd7 10. Re1 Nb6 11. Bf4 Ne8 12. Qc1 Nc7 13. Bh6 Qd7 14. Bxg7 Kxg7
15. Ra5 Nc4 16. Ra4 Nb6 17. Ra5 Nc4 18. Ra4 Nb6 19. Ra5 1/2-1/2

[Event "European Blitz 2016"]
[Site "Tallinn EST"]
[Date "2016.12.17"]
[Round "18.26"]
[White "Grigoriants, Sergey"]
[Black "Malakhov, Igor"]
[Result "1-0"]
[WhiteTitle "GM"]
[BlackTitle "IM"]
[WhiteElo "2563"]
[BlackElo "2454"]
[WhiteFideId "4130804"]
[BlackFideId "4183088"]
[EventDate "2016.12.17"]

1. e4 c5 2. Nf3 Nc6 3. Bb5 e6 4. Bxc6 bxc6 5. O-O Ne7 6. d3 Ng6 7. Re1 e5 8.
Nbd2 Be7 9. Nc4 d6 10. Bd2 O-O 11. a3 Be6 12. b4 cxb4 13. axb4 Qd7 14. Ra6 f6
15. Qa1 d5 16. Nb6 axb6 17. Rxa8 Bg4 18. Qa7 Rxa8 19. Qxa8+ Bf8 20. Kf1 dxe4 21.
Rxe4 Bxf3 22. gxf3 Qh3+ 23. Ke2 Nh4 24. Rxh4 Qxh4 25. Qxc6 Qxh2 26. Qe6+ Kh8 27.
Qf7 h5 28. Qxf8+ Kh7 29. Qf7 h4 30. Qh5+ Kg8 31. Qg4 g5 32. f4 exf4 33. Bc3 f3+
34. Qxf3 Kf7 35. Qxf6+ Ke8 36. Qxg5 h3 37. Qe5+ 1-0

[Event "European Blitz 2016"]
[Site "Tallinn EST"]
[Date "2016.12.17"]
[Round "18.27"]
[White "Ruck, Robert"]
[Black "Skytte, Rasmus"]
[Result "1/2-1/2"]
[WhiteTitle "GM"]
[BlackTitle "IM"]
[WhiteElo "2561"]
[BlackElo "2390"]
[WhiteFideId "705713"]
[BlackFideId "1404210"]
[EventDate "2016.12.17"]

1. Nf3 g6 2. e4 Bg7 3. d4 Nf6 4. e5 Ne4 5. Bd3 d5 6. exd6 Nxd6 7. O-O O-O 8. Re1
Bf5 9. Bg5 Re8 10. c3 Nd7 11. Bxf5 Nxf5 12. Nbd2 c5 13. d5 Nb6 14. c4 Bxb2 15.
Rb1 Bg7 16. a4 Qd7 17. a5 Na4 18. Qc2 Nd4 19. Qd3 Nc3 20. Rbc1 Na2 21. Rb1 Nc3
22. Rbc1 Na2 23. Rb1 Nc3 24. Rbc1 Na2 25. Rb1 Nc3 26. Rbc1 1/2-1/2

[Event "European Blitz 2016"]
[Site "Tallinn EST"]
[Date "2016.12.17"]
[Round "18.28"]
[White "Reprintsev, Alexander"]
[Black "Karttunen, Mika"]
[Result "1-0"]
[WhiteTitle "IM"]
[BlackTitle "IM"]
[WhiteElo "2321"]
[BlackElo "2455"]
[WhiteFideId "14100541"]
[BlackFideId "502081"]
[EventDate "2016.12.17"]

1. e4 d6 2. d4 Nf6 3. Nc3 e5 4. dxe5 dxe5 5. Qxd8+ Kxd8 6. Bd2 Be6 7. Nf3 Bd6 8.
Ng5 Nc6 9. Nxe6+ fxe6 10. O-O-O Ke7 11. f3 a6 12. Be3 h6 13. h4 Nd7 14. Ne2 b6
15. a3 Bc5 16. Bd2 b5 17. Kb1 Nb6 18. Nc1 Nc4 19. Bxc4 bxc4 20. Ne2 Rab8 21. Kc1
Rb7 22. Bc3 Be3+ 23. Kb1 Rhb8 24. Ka2 Bb6 25. g3 Ba5 26. Rb1 Bb6 27. f4 Bd4 28.
fxe5 Bxc3 29. Nxc3 Nxe5 30. Rhf1 Rd8 31. Rbd1 Rd6 32. Na4 Rb5 33. Nc3 Rb8 34.
Na4 Rbd8 35. Nc3 Ng4 36. Rde1 Rd2 37. Kb1 Ne5 38. Rd1 Rg2 39. Rxd8 Kxd8 40. Rf8+
Ke7 41. Ra8 Rxg3 42. Rxa6 Rg1+ 43. Ka2 Rg4 44. Ra7 Kd8 45. h5 Nd7 46. Ra8+ Ke7
47. Rc8 c6 48. Rxc6 Rg5 49. Rxc4 Rxh5 50. Rc8 Re5 51. a4 h5 52. b4 h4 53. Rh8 g5
54. Rh7+ Kd6 55. Nb5+ Kc6 56. Nd4+ Kd6 57. c3 Rxe4 58. Kb3 Re3 59. Rh6 Kc7 60.
Nxe6+ Kb7 61. Nxg5 Rg3 62. Ne4 Rg4 63. Rh7 Rxe4 64. Rxd7+ Kc6 65. Rh7 Kd5 66. a5
Kc6 67. Rh6+ Kb7 68. b5 Rg4 69. c4 Rf4 70. Kb4 Re4 71. Rh7+ Kc8 72. a6 1-0

[Event "European Blitz 2016"]
[Site "Tallinn EST"]
[Date "2016.12.17"]
[Round "18.29"]
[White "Novikov, Stanislav"]
[Black "Zakhartsov, Vladimir"]
[Result "1-0"]
[WhiteTitle "GM"]
[BlackTitle "IM"]
[WhiteElo "2513"]
[BlackElo "2453"]
[WhiteFideId "4125371"]
[BlackFideId "4145097"]
[EventDate "2016.12.17"]

1. e4 c5 2. Nf3 d6 3. c3 Nf6 4. Be2 g6 5. O-O Bg7 6. Bb5+ Bd7 7. Bxd7+ Nbxd7 8.
Re1 O-O 9. d4 cxd4 10. cxd4 d5 11. e5 Ne4 12. Nc3 Nxc3 13. bxc3 e6 14. h4 Rc8
15. Bd2 h6 16. h5 g5 17. Nh2 Nb6 18. Re3 Nc4 19. Rf3 f5 20. exf6 Rxf6 21. Qe2
Rxf3 22. Nxf3 Qf6 23. Re1 Rf8 24. Bc1 Kf7 25. Nh2 Qf5 26. Ng4 Rc8 27. f4 gxf4
28. Bxf4 Kg8 29. Qxe6+ Qxe6 30. Rxe6 Nb6 31. Nxh6+ Kh7 32. Nf5 Bf8 33. g4 Rxc3
34. g5 Rf3 35. g6+ Kg8 36. Nh6+ Kg7 37. Bc1 Nd7 38. Kg2 Rc3 39. Nf5+ Kg8 40. Bg5
Rc6 41. Rxc6 bxc6 42. h6 c5 43. dxc5 Bxc5 44. h7+ Kh8 45. Bh6 Bf8 46. Bxf8 Nxf8
47. g7+ 1-0

[Event "European Blitz 2016"]
[Site "Tallinn EST"]
[Date "2016.12.17"]
[Round "18.30"]
[White "Chigaev, Maksim"]
[Black "Ladva, Ottomar"]
[Result "1-0"]
[WhiteTitle "GM"]
[BlackTitle "GM"]
[WhiteElo "2531"]
[BlackElo "2510"]
[WhiteFideId "4108116"]
[BlackFideId "4500024"]
[EventDate "2016.12.17"]

1. d4 Nf6 2. Bf4 d5 3. e3 e6 4. Nd2 c5 5. c3 Nc6 6. Ngf3 Bd6 7. Bg3 O-O 8. Bb5
a6 9. Bxc6 bxc6 10. Qa4 Bb7 11. Qa3 Bxg3 12. hxg3 cxd4 13. cxd4 a5 14. O-O Qb6
15. Ne5 Qb4 16. Qxb4 axb4 17. Rfc1 Rfc8 18. f3 Rc7 19. Nd3 Kf8 20. Nxb4 Ke7 21.
Nb3 Kd6 22. Nc5 Bc8 23. Nbd3 Rca7 24. a4 Nd7 25. Nxd7 Bxd7 26. b3 f6 27. Rab1 e5
28. Nc5 Bf5 29. Rb2 h5 30. Kf2 g5 31. Ra2 h4 32. gxh4 gxh4 33. Rh1 Rh8 34. a5
Rg7 35. a6 Ra7 36. Kf1 h3 37. g4 Bc8 38. Kf2 exd4 39. exd4 Kc7 40. Kg3 Kb6 41.
Rxh3 Re8 42. Rh6 f5 43. g5 f4+ 44. Kxf4 Rf7+ 45. Rf6 Ra7 46. Ra4 1-0

[Event "European Blitz 2016"]
[Site "Tallinn EST"]
[Date "2016.12.17"]
[Round "18.31"]
[White "Margolin, Boris"]
[Black "Neiksans, Arturs"]
[Result "1/2-1/2"]
[WhiteTitle "IM"]
[BlackTitle "GM"]
[WhiteElo "2387"]
[BlackElo "2631"]
[WhiteFideId "4646193"]
[BlackFideId "11601388"]
[EventDate "2016.12.17"]

1. e4 c5 2. Nf3 e6 3. c4 Nc6 4. Nc3 Nf6 5. Be2 e5 6. O-O g6 7. d3 Bg7 8. Ne1 d6
9. f4 exf4 10. Bxf4 Be6 11. Qd2 Ne5 12. h3 Nfd7 13. Rb1 O-O 14. a3 b6 15. b4 Qe7
16. Bg5 f6 17. Be3 Rae8 18. Nc2 Qd8 19. Bf4 f5 20. Ne3 fxe4 21. Nxe4 Qc7 22. Ng5
Bf7 23. Nxf7 Rxf7 24. Nd5 Qc8 25. Bg5 Qb8 26. Rbe1 Rxf1+ 27. Rxf1 Nc6 28. Bg4
Nde5 29. Nf6+ Bxf6 30. Bxf6 Nxg4 31. hxg4 Qc7 32. Qc3 Ne5 33. g5 Qd7 34. d4 Ng4
35. Qf3 Nxf6 36. gxf6 Qf7 37. dxc5 dxc5 38. bxc5 bxc5 39. Qc6 Rf8 40. Qa6 h6 41.
a4 Kh7 42. a5 h5 43. Qd6 Re8 44. Qxc5 Re6 45. Qd4 Re8 46. a6 Rc8 47. c5 Rc6 48.
Re1 Rxf6 49. Qd3 Rc6 50. Rf1 Qe7 51. Qd5 Qxc5+ 52. Qxc5 Rxc5 53. Rf7+ Kh6 54.
Rxa7 Ra5 55. Kh2 Kg5 56. Kg1 Ra2 57. Kf1 Kg4 58. Ra8 g5 59. Rb8 Rxa6 60. Rb4+
Kf5 61. Kf2 Kg6 62. Kf3 Ra3+ 63. Kf2 h4 64. Rb8 Kh5 65. Rb4 Rd3 66. Ra4 Rd5 67.
Rb4 Rf5+ 68. Kg1 g4 69. Rb8 Kg5 70. Rb4 Rd5 71. Kf2 Rd2+ 72. Kf1 Rd1+ 73. Kf2
g3+ 74. Ke2 Rd5 75. Kf3 Rf5+ 76. Ke3 Rf2 77. Rb5+ Kg6 78. Rb6+ Kg5 79. Rb5+ Rf5
80. Rb4 Re5+ 81. Kf3 Rd5 82. Rg4+ Kh5 83. Ra4 Rf5+ 84. Ke3 Kg5 85. Rb4 Kh5 86.
Ra4 h3 87. gxh3 Rg5 88. Ra1 Kh4 89. Kf3 g2 90. Kf2 Kxh3 91. Kg1 Rg3 92. Ra8 Rd3
93. Rh8+ Kg3 94. Rg8+ Kf3 95. Rf8+ Kg3 96. Rg8+ 1/2-1/2

[Event "European Blitz 2016"]
[Site "Tallinn EST"]
[Date "2016.12.17"]
[Round "18.32"]
[White "Piorun, Kacper"]
[Black "Kanep, Meelis"]
[Result "1/2-1/2"]
[WhiteTitle "GM"]
[BlackTitle "GM"]
[WhiteElo "2657"]
[BlackElo "2485"]
[WhiteFideId "1130420"]
[BlackFideId "4501047"]
[EventDate "2016.12.17"]

1. Nf3 Nf6 2. c4 g6 3. Nc3 Bg7 4. g3 d6 5. Bg2 O-O 6. O-O c6 7. d3 e5 8. Rb1 a5
9. a3 Re8 10. Bg5 h6 11. Bxf6 Bxf6 12. b4 axb4 13. axb4 d5 14. cxd5 cxd5 15. e4
dxe4 16. Nxe4 Bg7 17. Re1 Nc6 18. h3 Ra3 19. Nc5 b6 20. Qc1 Ra7 21. b5 Nd4 22.
Nxd4 Qxd4 23. Nb3 Qxd3 24. Qc6 Rae7 25. Qxb6 Bf5 26. Nc5 Qa3 27. Ra1 Qb2 28. Ne4
Qd4 29. Qc6 Bd7 30. Qa6 Bf5 31. b6 Rb8 32. b7 Rexb7 33. Nf6+ Bxf6 34. Bxb7 Bg7
35. Bg2 Rf8 36. Rad1 Qc3 37. Qd6 Qc8 38. Rc1 Qe8 39. f4 Be6 40. fxe5 Qa4 41. Kh2
Qb3 42. Rb1 Qc3 43. Rbc1 Qb3 44. Rcd1 h5 45. h4 Qb2 46. Rd2 Qc3 47. Red1 Qb3 48.
Bd5 Bxd5 49. Qxd5 Qe3 50. e6 fxe6 51. Qg2 Be5 52. Rd3 Qc5 53. Rf1 Qc7 54. Rxf8+
Kxf8 55. Qf3+ Kg7 56. Rd2 Qc3 57. Rd7+ Kh6 58. Qf8+ Bg7 59. Qf4+ Kh7 60. Qf2 Qe5
61. Rd2 Qc3 62. Re2 e5 63. Qg2 Qd4 64. Re4 Qc3 65. Qe2 Qc5 66. Rc4 Qd5 67. Rc7
Qd6 68. Qc2 Qf6 69. Rc6 Qf7 70. Qe4 Qf2+ 71. Kh3 Qf1+ 72. Kh2 Qf2+ 73. Qg2 Qf5
74. Rc4 Qd3 75. Re4 Qd6 76. Qe2 Qf6 77. Re3 Qe7 78. Qc4 Qf6 79. Kg2 Qe7 80. Rf3
Qb7 81. Qe2 Qd5 82. Kh2 Qd6 83. Qe4 Qe6 84. Rc3 Qa2+ 85. Rc2 Qe6 86. Rc6 Qf7 87.
Kg2 Qa2+ 88. Qc2 Qf7 89. g4 hxg4 90. h5 Qf3+ 91. Kg1 Qg3+ 92. Kf1 Qh3+ 93. Kg1
Qxh5 94. Qh2 Kh6 95. Qd2+ Kh7 96. Qh2 Kh6 1/2-1/2

[Event "European Blitz 2016"]
[Site "Tallinn EST"]
[Date "2016.12.18"]
[Round "19.1"]
[White "Andriasian, Zaven"]
[Black "Andreikin, Dmitry"]
[Result "0-1"]
[WhiteTitle "GM"]
[BlackTitle "GM"]
[WhiteElo "2621"]
[BlackElo "2737"]
[WhiteFideId "13302000"]
[BlackFideId "4158814"]
[EventDate "2016.12.17"]

1. e4 e5 2. Nf3 Nc6 3. Bc4 Bc5 4. O-O Nf6 5. d3 O-O 6. c3 d6 7. Nbd2 Bb6 8. Bb3
Ne7 9. Nc4 Be6 10. h3 h6 11. Bc2 Bxc4 12. dxc4 Ng6 13. b4 a5 14. a3 Nf4 15. Bxf4
exf4 16. e5 dxe5 17. c5 Ba7 18. Nxe5 c6 19. Qf3 Bb8 20. Nc4 axb4 21. Rad1 Nd5
22. axb4 Qf6 23. Nb6 Nxb6 24. cxb6 Ra3 25. Rd3 Be5 26. c4 Rxd3 27. Qxd3 Rd8 28.
Qh7+ Kf8 29. Re1 g5 30. b5 cxb5 31. cxb5 Rd2 32. Rd1 Qd6 33. Rxd2 Qxd2 34. Qd3
Qe1+ 35. Qf1 Qa5 36. Bb3 Qxb6 37. Qc4 Qf6 38. Qc8+ Kg7 39. Qxb7 Bd4 40. Qd5 Bb6
41. Qd1 Qb2 42. Qd5 Qxf2+ 0-1

[Event "European Blitz 2016"]
[Site "Tallinn EST"]
[Date "2016.12.18"]
[Round "19.2"]
[White "Wojtaszek, Radoslaw"]
[Black "Mamedov, Rauf"]
[Result "1/2-1/2"]
[WhiteTitle "GM"]
[BlackTitle "GM"]
[WhiteElo "2749"]
[BlackElo "2688"]
[WhiteFideId "1118358"]
[BlackFideId "13401653"]
[EventDate "2016.12.17"]

1. d4 g6 2. c4 Bg7 3. e4 d6 4. Nc3 Nf6 5. Nf3 O-O 6. Be2 c5 7. d5 e5 8. Bg5 h6
9. Bd2 Nh5 10. g3 Bh3 11. Qc2 Na6 12. a3 Nc7 13. Nh4 Nf4 14. Bf1 Bd7 15. O-O-O
a6 16. Nf5 gxf5 17. gxf4 exf4 18. Bxf4 fxe4 19. Nxe4 Bf5 20. Bd3 Bxe4 21. Bxe4
Qf6 22. Qd2 Rae8 23. Bb1 Re2 24. Qxe2 Qxf4+ 25. Rd2 Re8 26. Qd3 Kf8 27. Rg1 b5
28. Qh7 Qf6 29. f3 Re5 30. f4 Rh5 31. Rdg2 Qxf4+ 32. Kd1 Qd4+ 33. Bd3 Ne8 34.
Re2 Re5 35. Rf1 Rxe2 36. Kxe2 Qxb2+ 37. Bc2 Qe5+ 38. Qe4 Qxh2+ 39. Kd1 bxc4 40.
Qf5 Nf6 41. Qc8+ Ne8 42. Qf5 Bf6 43. Ba4 c3 44. Rf2 Qg1+ 45. Kc2 Qa1 46. Bxe8
Qb2+ 47. Kd3 Qb1+ 48. Ke2 Qxf5 49. Rxf5 c2 50. Kd2 Bg5+ 51. Kxc2 Kxe8 52. Kd3
Ke7 53. Ke4 Bf6 54. Rh5 Bg7 55. Kd3 Kf6 56. Rh4 Kg5 57. Ra4 h5 58. Rxa6 h4 59.
Ke3 Kg4 60. Ra8 Bd4+ 61. Ke2 c4 62. Rg8+ Kf4 63. a4 h3 64. Rf8 f5 65. Rf7 h2 66.
Rh7 Kg3 67. Rh6 c3 68. Kd3 Bc5 69. Kxc3 Kg2 70. Rg6+ Kf1 71. Rh6 Kg1 72. Rg6+
Kf2 73. Rh6 Kg3 74. Rg6+ Kh3 75. Rh6+ Kg2 76. Rg6+ Kh3 77. Rh6+ Kg2 1/2-1/2

[Event "European Blitz 2016"]
[Site "Tallinn EST"]
[Date "2016.12.18"]
[Round "19.3"]
[White "Bologan, Victor"]
[Black "Leko, Peter"]
[Result "1/2-1/2"]
[WhiteTitle "GM"]
[BlackTitle "GM"]
[WhiteElo "2640"]
[BlackElo "2693"]
[WhiteFideId "13900048"]
[BlackFideId "703303"]
[EventDate "2016.12.17"]

1. e4 e5 2. Nf3 Nc6 3. Bb5 a6 4. Ba4 Nf6 5. O-O Be7 6. Re1 b5 7. Bb3 O-O 8. a4
b4 9. d4 d6 10. dxe5 dxe5 11. Nbd2 Bc5 12. Qe2 Qe7 13. a5 h6 14. Bc4 Rd8 15. Nb3
Bd6 16. h3 Nb8 17. Bd3 Nbd7 18. Nfd2 Nc5 19. Nxc5 Bxc5 20. Nb3 Bd6 21. Be3 Bb7
22. Nd2 Nd7 23. Bc4 Nc5 24. Qg4 Qf6 25. Rf1 Bc8 26. Qe2 Be6 27. Bxe6 Qxe6 28.
Qg4 Rab8 29. Rfd1 Qxg4 30. hxg4 b3 31. c3 Ne6 32. Nc4 Rb5 33. Rd5 Rxd5 34. exd5
Nc5 35. Bxc5 Bxc5 36. Rd1 f6 37. Kf1 Kf7 38. f3 Ke7 39. Ke2 Rb8 40. Kd3 Rb5 41.
Ke4 Bd6 42. Ra1 Kf7 43. Ra4 Bc5 44. Ra1 Bd6 45. Ra4 Bc5 46. Ra1 1/2-1/2

[Event "European Blitz 2016"]
[Site "Tallinn EST"]
[Date "2016.12.18"]
[Round "19.4"]
[White "Vitiugov, Nikita"]
[Black "Saric, Ivan"]
[Result "1-0"]
[WhiteTitle "GM"]
[BlackTitle "GM"]
[WhiteElo "2726"]
[BlackElo "2652"]
[WhiteFideId "4152956"]
[BlackFideId "14508150"]
[EventDate "2016.12.17"]

1. d4 Nf6 2. Bf4 g6 3. Nc3 d6 4. e4 Nc6 5. Nf3 Bg7 6. Qd2 Bg4 7. Be2 O-O 8. d5
Bxf3 9. Bxf3 Ne5 10. Bxe5 dxe5 11. Qd3 Re8 12. Rd1 Qd6 13. O-O a6 14. a3 e6 15.
Qc4 exd5 16. Nxd5 Nxd5 17. Rxd5 Qe7 18. Rfd1 Rad8 19. Qd3 Bf6 20. g3 c6 21. Rd7
Rxd7 22. Qxd7 Rd8 23. Qxd8+ Qxd8 24. Rxd8+ Bxd8 25. Bg4 a5 26. Bc8 b6 27. Bb7 c5
28. Kf1 Kf8 29. Ke2 Ke7 30. Bd5 f6 31. Kd3 Kd6 32. Kc4 h6 33. h4 g5 34. h5 Kc7
35. Bf7 Kd6 36. Bg6 Kc6 37. Be8+ Kd6 38. Kb5 Kc7 39. Bg6 Be7 40. a4 c4 41. Kxc4
Bc5 42. Kd5 Bxf2 43. g4 Kd7 44. Bf5+ Ke7 45. Kc6 Bd4 46. c3 Be3 47. b4 axb4 48.
cxb4 Bd4 49. a5 bxa5 50. bxa5 Kd8 51. Kb7 1-0

[Event "European Blitz 2016"]
[Site "Tallinn EST"]
[Date "2016.12.18"]
[Round "19.5"]
[White "Pavlidis, Antonios"]
[Black "Vallejo Pons, Francisco"]
[Result "0-1"]
[WhiteTitle "GM"]
[BlackTitle "GM"]
[WhiteElo "2532"]
[BlackElo "2711"]
[WhiteFideId "4212312"]
[BlackFideId "2205530"]
[EventDate "2016.12.17"]

1. e4 e5 2. Nf3 Nc6 3. Bb5 Nf6 4. d3 Bc5 5. c3 O-O 6. Bg5 h6 7. Bh4 g5 8. Bg3 d6
9. Nbd2 a6 10. Bxc6 bxc6 11. Qe2 Rb8 12. O-O-O Be6 13. d4 exd4 14. Nxd4 Bxd4 15.
cxd4 Rb4 16. h4 g4 17. a3 Rb5 18. Qe3 Kh7 19. Qd3 Nh5 20. e5+ f5 21. exf6+ Bf5
22. Qc3 Qxf6 23. Rhe1 Rfb8 24. Nc4 Rb3 25. Qa5 Qf7 26. Re7 Qxe7 27. Qxf5+ Kg7
28. Qxg4+ Kh8 29. Qxh5 Qe6 30. Bf4 Qxc4+ 31. Kd2 Qxd4+ 32. Ke1 Qxf4 33. g3 Qe4+
34. Kf1 Qh1+ 35. Ke2 Rxb2+ 36. Ke3 R2b3+ 37. Kf4 Qf3+ 38. Qxf3 Rf8+ 0-1

[Event "European Blitz 2016"]
[Site "Tallinn EST"]
[Date "2016.12.18"]
[Round "19.6"]
[White "Ponkratov, Pavel"]
[Black "Bortnyk, Olexandr"]
[Result "1-0"]
[WhiteTitle "GM"]
[BlackTitle "GM"]
[WhiteElo "2607"]
[BlackElo "2581"]
[WhiteFideId "4157800"]
[BlackFideId "14120828"]
[EventDate "2016.12.17"]

1. e4 d6 2. d4 Nf6 3. f3 c5 4. c3 cxd4 5. cxd4 g6 6. Nc3 Bg7 7. Bb5+ Bd7 8.
Bxd7+ Nfxd7 9. Nge2 O-O 10. O-O Nc6 11. Be3 Rc8 12. Qd2 a6 13. Rac1 b5 14. d5
Nce5 15. b3 Nc5 16. Rc2 b4 17. Nd1 Qa5 18. Nf2 Rc7 19. Nd4 Rfc8 20. Rfc1 h5 21.
h3 Qa3 22. f4 Ned7 23. Nc6 Bc3 24. Qd1 Nf6 25. Qf3 Ncxe4 26. Nxe4 Nxd5 27. Nxc3
Nxc3 28. Nd4 e5 29. fxe5 dxe5 30. Ne2 e4 31. Qf1 Nxe2+ 32. Qxe2 Rc3 33. Rxc3
Rxc3 34. Rd1 Rc8 35. Bd4 Re8 36. Qf2 Re6 37. Bb2 Qa5 38. Qd4 f6 39. Qd7 Qb6+ 40.
Kh1 Qc6 41. Qd8+ Re8 42. Qxf6 Qxf6 43. Bxf6 e3 44. Re1 Kf7 45. Bd4 e2 46. Kg1
Rd8 47. Bc5 Rd2 48. Kf2 Rxa2 49. Rxe2 Ra3 50. Bxb4 Rxb3 51. Bd6 Rd3 52. Bc5 Rc3
53. Re7+ Kg8 54. Rc7 Rb3 55. Ra7 Rc3 56. Bd4 Ra3 57. Rg7+ Kf8 58. Rxg6 Ra2+ 59.
Kg3 a5 60. Bc5+ Kf7 61. Rg5 a4 62. Rxh5 Rc2 63. Bb4 Rb2 64. Bd6 Ke6 65. Rh6+ Kf5
66. Bf8 Rb8 67. Bc5 Ke4 68. Ra6 Rg8+ 69. Kh2 Kd5 70. Bf2 Rf8 71. Bg3 1-0